[Event "Titled Tuesday intern op 24th Oct Late"]
[Site "Chess.com INT"]
[Date "2023.10.24"]
[Round "4"]
[White "Gariseb, Immanuel"]
[Black "Osmonbekov, Talaibek D"]
[Result "1-0"]
[WhiteElo "1907"]
[BlackElo "2137"]
[PlyCount "85"]
[EventDate "2023.10.24"]
[EventType "swiss (blitz)"]
[EventRounds "11"]
[EventCountry "USA"]
[SourceTitle "Mega2024 Update 01"]
[Source "Chessbase"]
[SourceDate "2023.11.12"]
[SourceVersion "1"]
[SourceVersionDate "2023.11.12"]
[SourceQuality "1"]

1. e4 b6 2. d4 Bb7 3. Nc3 g6 4. Nf3 Bg7 5. Bc4 e6 6. 0-0 Ne7 7. Bg5 h6 8. Bh4 d6 9. Qd2 Nd7 10. Rad1 a6 11. Rfe1 g5 12. Bg3 Ng6 13. e5 d5 14. Bd3 c5 15. Bxg6 fxg6 16. Ne2 cxd4 17. Nexd4 Qe7 18. c4 dxc4 19. Qc2 Bd5 20. Qxg6+ Qf7 21. Qc2 0-0 22. Re3 Rac8 23. h4 g4 24. Nh2 h5 25. Ree1 Nc5 26. Nf1 b5 27. Ne3 Nd3 28. Nxd5 Nxe1 29. Rxe1 exd5 30. e6 Qf6 31. Be5 Qxh4 32. Bxg7 Kxg7 33. Nf5+ Rxf5 34. Qxf5 Rf8 35. Qe5+ Kg8 36. Re2 g3 37. fxg3 Qf6 38. e7 Qf1+ 39. Kh2 Re8 40. Re3 Qf7 41. Qg5+ Kh7 42. Re5 d4 43. Rf5 1-0

[Event "Olympiad-43"]
[Site "Batumi"]
[Date "2018.10.04"]
[Round "10.4"]
[White "Mwale, Joseph"]
[Black "Gariseb, Immanuel"]
[Result "1-0"]
[WhiteElo "2231"]
[BlackElo "1820"]
[PlyCount "63"]
[EventDate "2018.09.24"]
[EventType "team-swiss"]
[EventRounds "11"]
[EventCountry "GEO"]
[SourceTitle "CBM 187"]
[Source "ChessBase"]
[SourceDate "2018.12.11"]
[SourceVersion "1"]
[SourceVersionDate "2018.12.11"]
[SourceQuality "1"]
[WhiteTeam "Malawi"]
[BlackTeam "Namibia"]
[WhiteTeamCountry "MWI"]
[BlackTeamCountry "NAM"]

1. d4 d5 2. Nc3 Nf6 3. Bg5 c6 4. Nf3 Nbd7 5. Qd2 h6 6. Bf4 e6 7. Ne5 Bb4 8. f3 Nxe5 9. Bxe5 Bd7 10. g4 Rc8 11. a3 Qa5 12. Bg2 c5 13. 0-0 cxd4 14. axb4 dxc3 15. bxc3 Qb6+ 16. Bd4 Qc7 17. Rxa7 e5 18. Bc5 Be6 19. Qd3 Qc6 20. f4 Nd7 21. Be3 exf4 22. Bd4 0-0 23. Rxf4 Qc7 24. Qg3 Ne5 25. g5 Ng6 26. Rf1 Qxg3 27. hxg3 Rc7 28. gxh6 gxh6 29. e4 dxe4 30. Bxe4 Bc8 31. Rf6 Kh7 32. Bxg6+ 1-0